County map of the state of New York
Saved in:
| Main Author: | |
|---|---|
| Corporate Authors: | , |
| Other Authors: | |
| Format: | Electronic |
| Language: | English |
| Published: |
[1880].
|
| Series: | David Rumsey Collection digital maps
|
| Subjects: | |
| Tags: |
Add Tag
No Tags, Be the first to tag this record!
|
| LEADER | 01937nea a2200421Ka 4500 | ||
|---|---|---|---|
| 001 | 012024909-X | ||
| 005 | 20090630193809.0 | ||
| 008 | 060531t18801879paud a s 0 eng d | ||
| 034 | 1 | |a a |b 1450000 |d W0794600 |e W0715200 |f N0450100 |g N0403000 | |
| 035 | 0 | |a ocm69661496 | |
| 040 | |a CUY |c CUY | ||
| 052 | |a 3800 | ||
| 052 | |a 3804 |b A3 |b B9 |b N4 |b R6 |b T7 | ||
| 100 | 1 | |a Mitchell, S. Augustus |q (Samuel Augustus), |d 1792-1868. | |
| 245 | 1 | 0 | |a County map of the state of New York |h [electronic resource] / |c drawn and engraved by W.H. Gamble, Philadelphia. |
| 255 | |a Scale [ca. 1:1,450,000] |c (W 79⁰46ʹ--W 71⁰52ʹ/N 45⁰01ʹ--N 40⁰30ʹ). | ||
| 260 | |c [1880]. | ||
| 500 | |a Relief shown by hachures. | ||
| 500 | |a Shows settlements, rivers, canals, railroads, etc. | ||
| 500 | |a Inset maps: Buffalo -- Rochester -- West Troy, Troy -- Albany -- Harbor and vicinity of New York. | ||
| 500 | |a Map within decorative border. | ||
| 500 | |a Prime meridians: Greenwich and Washington. | ||
| 500 | |a "Entered according to Act of Congress in the year 1879 by S. Augustus Mitchell in the office of the Librarian of Congress at Washington." | ||
| 500 | |a Scanned raster image of original: 1 map : hand col. ; 36 x 50 cm. | ||
| 500 | |a Original in the David Rumsey Collection; scanned by Cartography Associates. | ||
| 651 | 0 | |a New York (State) |v Maps. | |
| 651 | 0 | |a Buffalo (N.Y.) |v Maps. | |
| 651 | 0 | |a Rochester (N.Y.) |v Maps. | |
| 651 | 0 | |a Troy (N.Y.) |v Maps. | |
| 651 | 0 | |a Albany (N.Y.) |v Maps. | |
| 651 | 0 | |a New York Harbor (N.Y. and N.J.) |v Maps. | |
| 700 | 1 | |a Gamble, W. H. |q (William H.) | |
| 710 | 2 | |a Cartography Associates. | |
| 710 | 2 | |a David Rumsey Collection. | |
| 773 | 0 | |a Mitchell, S. Augustus (Samuel Augustus), 1792-1868. |t Mitchell's new general atlas. |d Philadelphia : S. Augustus Mitchell, 1880, c1879. |g p. 30-31. |w (OCoLC)69371482 | |
| 830 | 0 | |a David Rumsey Collection digital maps |5 net | |
| 988 | |a 20090630 | ||
| 906 | |0 OCLC | ||


